Central Library OPAC University of Rajshahi

Marxism and the national and colonial question / (Record no. 3485)

MARC details
000 -LEADER
fixed length control field 00897cam a2200289u 4500
001 - CONTROL NUMBER
control field 3485
003 - CONTROL NUMBER IDENTIFIER
rucl marc code BD-RjUL
005 - DATE AND TIME OF LATEST TRANSACTION
control field 20211208233734.0
008 - FIXED-LENGTH DATA ELEMENTS--GENERAL INFORMATION
fixed length control field 131219s1935 ru 001 0 eng d
035 ## - SYSTEM CONTROL NUMBER
System control number (BD-RjUL)3519
040 ## - CATALOGING SOURCE
Original cataloging agency DLC
Transcribing agency CarP
Modifying agency DLC
-- (BD-RjUL)
Language of cataloging eng
041 ## - LANGUAGE CODE
Language code of text/sound track or separate title eng
082 04 - DEWEY DECIMAL CLASSIFICATION NUMBER
Classification number 335.42
Author mark and year STM
100 1# - MAIN ENTRY--PERSONAL NAME
Personal name Stalin, Joseph,
Dates associated with a name 1879-1953.
9 (RLIN) 10975
245 10 - TITLE STATEMENT
Title Marxism and the national and colonial question /
Remainder of title Stalin, Joseph,
260 ## - PUBLICATION, DISTRIBUTION, ETC. (IMPRINT)
Place of publication, distribution, etc. London :
Name of publisher, distributor, etc. Martin Lawrence Ltd.,
Date of publication, distribution, etc. 1935.
300 ## - PHYSICAL DESCRIPTION
Pagination viii, 304 p. ;
Size 22 cm.
504 ## - BIBLIOGRAPHY, ETC. NOTE
Bibliography, etc Includes Index
650 #0 - SUBJECT ADDED ENTRY--TOPICAL TERM
Topical term or geographic name as entry element Nationalism and nationality.
9 (RLIN) 10976
Topical term or geographic name as entry element Minorities.
9 (RLIN) 10977
Topical term or geographic name as entry element Imperialism.
9 (RLIN) 10978
Topical term or geographic name as entry element Communism.
9 (RLIN) 10979
942 ## - ADDED ENTRY ELEMENTS (KOHA)
Source of classification or shelving scheme Dewey Decimal Classification
Koha item type Books
Holdings
Lost status Source of classification or shelving scheme Damaged status Not for loan Collection code Permanent Location Current Location Shelving location Date acquired Source of acquisition Total Checkouts Full call number Date last seen Copy number Koha item type
  Dewey Decimal Classification   Not For Loan Non-fiction Central Library, University of Rajshahi Central Library, University of Rajshahi Reading Room 09/11/1961 N/A   335.42 STM 1935 19/12/2013 C-1 Books